|
|
|
|
| LEADER |
00583nam a2200157Ia 4500 |
| 008 |
200110s9999||||xx |||||||||||||| ||und|| |
| 080 |
|
|
|a 300
|b MIC-S
|
| 100 |
|
|
|a Michell, William
|
| 245 |
|
0 |
|a Sociological Analysis And Policts: The Theories Of Talcott Parsons
|
| 260 |
|
|
|a Englewood:
|b Prentice- Hall, Inc,
|c 1967
|
| 300 |
|
|
|a 222 p.
|f HB
|
| 500 |
|
|
|a General
|
| 650 |
|
|
|a Policts-- Sociological Analysis -- Theories Of Talcott Parsons
|
| 942 |
|
|
|c BK
|
| 999 |
|
|
|c 258060
|d 258060
|
| 952 |
|
|
|0 0
|1 0
|4 0
|6 300_000000000000000_MICS
|7 0
|9 273984
|a SOC
|b SOC
|l 0
|o 300 MIC-S
|p SOC897
|r 2020-01-14
|w 2020-01-14
|y BK
|